| 000 | 00740nam a2200205Ii 4500 | ||
|---|---|---|---|
| 003 | JO-AjNU | ||
| 008 | 230605s9999||||xx |||||||||||||| ||und|| | ||
| 040 |
_aJO-AjNU _bara _erda _cJO-AjNU |
||
| 041 | _aara | ||
| 050 | 1 | 4 | _aBF637.C6.K44.2009 |
| 100 | 3 |
_aالخواجا،عبد الفتاح, _eauthor _929290 |
|
| 245 | 0 | 0 | _aمقدمة في الإرشاد والعلاج الجماعي:بناء البرامج الإرشادية |
| 250 | _aط1 | ||
| 264 | 3 | 1 | _aد.م:دار البداية ناشرون وموزعون ،2009 |
| 300 | _a270ص | ||
| 336 |
_atext _btxt _2rdacontent |
||
| 337 |
_aunmediated _bn _2rdamedia |
||
| 338 |
_avolume _bnc _2rdacarrier |
||
| 650 | 4 |
_aالارشاد النفسي-الارشاد الجماعي _929291 |
|
| 999 |
_aA11467 _c15035 _d15035 |
||